000 00619cam a22002171 4500
001 af 49000501
003 DLC
005 20260227110915.0
008 880620s1932 gw 000 0 ger c
010 _aaf 49000501
035 _a(OCoLC)18111094
040 _aHarvard Univ. Library
_cWaU
_dWaU
_dDLC
042 _apremarc
050 0 0 _aBX4630.B3
_bS3
100 1 _aSchreyer, Lothar,
_d1886-1966.
245 1 4 _aDer Bamberger Reiter.
260 _aOldenburg i.O.,
_bG. Stalling
_c[1932]
300 _a72 p.
_bfront.
_c20 cm.
490 0 _aStalling Bücherei. Schriften an die Nation,
_vNr. 13
610 2 0 _aBamberger Dom.
999 _c6634
_d6634